000 02905cam a2200445Ia 4500
001 281469
003 GBCCL
005 20241126110408.0
008 991020r19991911mau d 000 0ceng d
020 _a1565634608
020 _a9781565634602
035 _a(OCoLC)ocm42669816
035 _a(OCoLC)42669816
040 _aBZM
_cBZM
_dOCLCQ
_dBAKER
_dYDXCP
_dOCLCG
_dAU@
_dOCLCA
_dDEBBG
_dBDX
_dSGB
_dOCLCF
049 _aLBBQ
050 4 _aBR95
_b.D472 1999
082 0 4 _a270.03
082 0 4 _a270.10922
_221
_bDIC
090 _aBR95
_b.D472 1999
245 0 2 _aA Dictionary of early Christian biography and literature to the end of the sixth century A.D. :
_bwith an account of the principal sects and heresies /
_cedited by Henry Wace and William C. Piercy.
260 _a[Peabody, Mass.?] :
_bHendrickson Publishers,
_c1999.
300 _axi, 1028 p. ;
_c24 cm.
500 _a"Reprinted from the edition originally titled 'A Dictionary of Christian biography and literature', published by John Murray, London, 1911."--T.p. verso.
500 _aFounded on "the Dictionary of Christian biography, literature, sects, and doctrines, published under the editorship of Dr. Wace and the late Dr. Wm. Smith ... in four large volumes"; the "articles on the great characters of early church history and literature" having been retained "with no material abbreviation."--Pref.
520 _aA remarkably comprehensive work, this volume evolved from the distinguished four-volume Dictionary of Christian Biography and Literature. For anyone serious about the early church and the people who made indelible marks in its story, this is a fundamental resource. Features reliable sketches of major Christian personalities of the first six centuries; Analyzes the documents, creeds, and literature of the early church and its opponents; Describes the principal sects and heretics of early Christianity, including discussions of the theological tendencies of these opponents; Covers more than 600 years of church history in one convenient volume. - Publisher.
648 7 _aKirchengeschichte 30-600.
_2swd
_93625
650 0 _aChristian biography
_vDictionaries.
_91351
650 0 _aFathers of the church
_vDictionaries.
_93626
650 0 7 _aBiographie.
_2swd
_93627
650 0 7 _aFr�uhchristentum.
_2swd
_92773
650 0 7 _aGeschichte.
_2swd
_93628
650 7 _aChristian biography.
_2fast
_0(OCoLC)fst00858936
_91119
650 7 _aFathers of the church.
_2fast
_0(OCoLC)fst00921916
_93045
655 7 _aDictionaries.
_2fast
_0(OCoLC)fst01423826
_93629
700 1 _aWace, Henry,
_d1836-1924.
_93630
700 1 _aPiercy, William C.
_q(William Coleman)
_93631
700 1 _aSmith, William,
_d1813-1893.
_93632
776 0 8 _iOnline version:
_tDictionary of early Christian biography and literature to the end of the sixth century A.D.
_d[Peabody, Mass.?] : Hendrickson Publishers, 1999
_w(OCoLC)657162108
942 _2ddc
_cREF
999 _c1756
_d1756